Σύστημα παρακολούθησης λαθών μέσω διαδικτύου : [πτυχιακή εργασία]

Αποθηκεύτηκε σε:
Λεπτομέρειες βιβλιογραφικής εγγραφής
Κύριος συγγραφέας: Γούσιος, Γιώργος
Συγγραφή απο Οργανισμό/Αρχή: Πανεπιστήμιο Αιγαίου. Σχολή Θετικών Επιστημών. Τμήμα Μηχανικών Πληροφοριακών και Επικοινωνιακών Συστημάτων
Μορφή: Thesis Βιβλίο
Γλώσσα:Greek
Δημοσίευση: 2003.
Θέματα:
Διαθέσιμο Online:http://hdl.handle.net/11610/8864
Ετικέτες: Προσθήκη ετικέτας
Δεν υπάρχουν, Καταχωρήστε ετικέτα πρώτοι!

MARC

LEADER 00000cam a2200000 i 4500
001 1/43715
008 031029s2003 gr | ||| |||| ||gre||
035 |l 10071412 
040 |a GR-MyUA  |b gre  |e AACR2 
041 0 |a gre 
082 0 |a 005.276  |2 (21) 
100 1 |a Γούσιος, Γιώργος. 
245 1 0 |a Σύστημα παρακολούθησης λαθών μέσω διαδικτύου :   |b [πτυχιακή εργασία] /   |c Γιώργος Γούσιος ; επιβλέπων καθηγητής, Δημήτριος Γκούσκος.  
260 |c 2003. 
300 |a 107 σ. :   |b σχέδια, πιν. ;   |c 30 εκ.  
500 |a Η πτυχιακή εργασία είναι διαθέσιμη σε ηλεκτρονική μορφή CD-ROM. 
502 |a Πτυχιακή εργασία – Πανεπιστήμιο Αιγαίου, Σάμος, 2003.  
610 2 0 |a University of the Aegean  |x Dissertations. 
650 0 0 |a Internet programming. 
650 0 0 |a Dissertations, Academic  |z Greece. 
700 1 |a Γκούσκος, Δημήτρης,  |e dgs 
710 2 |a Πανεπιστήμιο Αιγαίου.   |b Σχολή Θετικών Επιστημών.   |b Τμήμα Μηχανικών Πληροφοριακών και Επικοινωνιακών Συστημάτων. 
852 |a INST  |b SAMOS  |c DIATR  |e 20031029  |h 005.276 ΓΟΥ  |p 005300023742  |q 005300023742  |t DIE  |y 23 
852 |a INST  |b SAMOS  |c DIATR  |e 20031029  |h 005.276 ΓΟΥ  |p 005300023743  |q 005300023743  |t DIE  |y 23 
856 |u http://hdl.handle.net/11610/8864 
901 |a BIBL3-2003-3 
909 |a Σ  |b 099295 
909 |a Σ  |b 099296 
924 |a ΓΟΥΣΙΟΣ  |b ΓΙΩΡΓΟΣ  |y Σάμος  |z 2003-03 
970 |a ΚΟΣΙΕΡΗΣ  |b ΧΡΗΣΤΟΣ  |z 2004/06/07